Statystyki dla MANCHESTER ,CITY,UNITED

Kliknij tutaj aby rozwiązać quiz!

Ogólne statystyki

  • Ten quiz został rozwiązany 18 razy
  • Średni wynik to 14 z 36

Statystyki odpowiedzi

HintOdpowiedź% Poprawnych
MAN CITYHAALAND
82%
MAN CITYEDERSON
76%
MAN CITYFODEN
71%
MAN UNITEDonana
71%
MAN CITYDE BRUYNE
65%
MAN CITYALVAREZ
59%
MAN UNITEDbruno fernandes
53%
MAN UNITEDhojlund
53%
MAN UNITEDrashford
53%
MAN CITYWALKER
53%
MAN CITYSTONES
47%
MAN UNITEDvarane
47%
MAN CITYAKE
41%
MAN CITYBERNARDO SILVA
41%
MAN UNITEDshaw
41%
MAN UNITEDgarnacho
35%
MAN CITYGVARDIOL
35%
MAN UNITEDmaguire
35%
MAN UNITEDmartinez
35%
MAN CITYRODRI
35%
MAN CITYAKANJI
29%
MAN UNITEDantony
29%
MAN UNITEDcasemiro
29%
MAN UNITEDeriksen
29%
MAN CITYGREALISH
29%
MAN UNITEDdalot
24%
MAN UNITEDlindelof
24%
MAN UNITEDmartial
24%
MAN CITYORTEGA
24%
MAN CITYRUBEN DIAS
24%
MAN UNITEDwan bissaka
18%
MAN CITYKOVACIC
12%
MAN UNITEDmalacia
12%
MAN UNITEDmctominay
12%
MAN UNITEDmount
12%
MAN UNITEDamrabat
6%

Rozkład punktacji

Percentyl według liczby udzielonych odpowiedzi

Procent ludzi z każdym wynikiem

Twoja historia wyników

Nie rozwiązałeś tego quizu